00619nam a2200169 i 450000100060000000300090000600500170001500700030003200800410003510000300007624501120010626000510021830000220026985200210029199900170031295201200032976672ES-MaACL20230906172921.0t|041004s1932 gt ||||1| spa d1 aGuillén, Flavio.96076313aUn fraile prócer y una fábula poema b: (estudio acerca de Matías de Córdova) / cFlavio Guillén. aGuatemala : b[s.n.], c1932 (fTip. Nacional) a262 p. ; c27 cm. aES-MaACLjA-3959 c76672d76672 00104070aATENEOMbATENEOMcSPP1d2008-01-17eSCl0oA-3959p1080229r2023-02-23 00:00:00w2023-02-23yMONOGRAFIA